Presidenti della Repubblica, del Consiglio, del Senato e della Camera - Statistics

Statistiche generali
  • Questo quiz è stato fatto 95 volte
  • Il punteggio medio è 34 su 67
Statistiche sulle risposte
Presidente Nome % Corretto
della Repubblica Sergio Mattarella
99%
del Consiglio Silvio Berlusconi
97%
della Repubblica e della Camera Giorgio Napolitano
93%
del Consiglio Giorgia Meloni
89%
della Repubblica e del Consiglio Carlo Azeglio Ciampi
88%
del Consiglio Matteo Renzi
88%
del Consiglio Giuseppe Conte
86%
della Repubblica e della Camera Sandro Pertini
85%
del Consiglio Mario Draghi
82%
del Senato Ignazio La Russa
81%
del Consiglio Bettino Craxi
79%
del Consiglio Enrico Letta
79%
del Consiglio Giulio Andreotti
78%
della Repubblica e della Camera Oscar Luigi Scalfaro
78%
del Consiglio Romano Prodi
78%
della Repubblica, del Consiglio e del Senato Francesco Cossiga
77%
della Repubblica, del Consiglio e della Camera Giovanni Leone
77%
del Consiglio Mario Monti
77%
della Repubblica Giuseppe Saragat
74%
della Repubblica Luigi Einaudi
74%
della Repubblica e del Senato Enrico De Nicola
68%
del Consiglio Paolo Gentiloni
68%
del Consiglio Alcide De Gasperi
67%
della Repubblica e del Consiglio Antonio Segni
66%
della Repubblica e della Camera Giovanni Gronchi
66%
del Consiglio Aldo Moro
64%
del Consiglio Massimo D'Alema
64%
del Consiglio e del Senato Amintore Fanfani
63%
del Consiglio e del Senato Giovanni Spadolini
55%
del Consiglio Giuliano Amato
55%
della Camera Nilde Iotti
53%
della Camera Laura Boldrini
52%
della Camera Lorenzo Fontana
52%
del Consiglio Mariano Rumor
52%
della Camera Gianfranco Fini
51%
del Consiglio Lamberto Dini
51%
della Camera Roberto Fico
51%
del Consiglio Arnaldo Forlani
47%
del Consiglio Ciriaco De Mita
47%
del Senato Maria Elisabetta Alberti Casellati
47%
della Camera Irene Pivetti
44%
della Camera Pier Ferdinando Casini
42%
del Consiglio Giovanni Goria
40%
del Consiglio Emilio Colombo
38%
del Senato Vittorino Colombo
38%
del Senato Pietro Grasso
37%
del Consiglio Fernando Tambroni
36%
del Consiglio Giuseppe Pella
36%
del Consiglio Adone Zoli
33%
del Consiglio Mario Scelba
33%
della Camera Fausto Bertinotti
32%
del Senato Marcello Pera
29%
del Senato Renato Schifani
27%
del Senato Franco Marini
25%
del Senato Nicola Mancino
23%
della Camera Luciano Violante
22%
del Senato Carlo Scognamiglio
19%
della Camera Pietro Ingrao
18%
del Senato Cesare Merzagora
16%
del Senato Ivanoe Bonomi
14%
della Camera Brunetto Bucciarelli-Ducci
8%
del Senato Giuseppe Paratore
8%
del Senato Meuccio Ruini
8%
del Senato Giovanni Malagodi
5%
del Senato Tommaso Morlino
5%
del Senato Ennio Zelioli-Lanzini
3%
del Senato Giovanni Spagnolli
1%
Nessun quiz corrispondente trovato
Distribuzione punteggi
Percentuale di utenti per punteggio
Percentile per numero di risposta
I tuoi punteggi nel tempo
Non hai fatto questo quiz